| 000 | 00570pam a2200169 a 4500 | ||
|---|---|---|---|
| 020 | _a0442019408 | ||
| 082 | 0 | 0 |
_a624.0289 _bMAC _cN-1, P-16 |
| 100 | 1 |
_aMacCollum, David V., _937084 |
|
| 245 | 1 | 0 |
_aConstruction safety planning / _cDavid V. MacCollum. |
| 260 |
_aNew York : _bVan Nostrand Reinhold, _c1995. |
||
| 300 |
_axii, 285 p. : _bill. ; _c24 cm. |
||
| 526 |
_a0 _b0 _c0 _d624_028900000000000_MAC |
||
| 650 | 0 |
_aBuilding _xSafety measures _xPlanning. _937085 |
|
| 650 | 0 |
_aCivil engineering _xSafety measures _xPlanning. _937086 |
|
| 650 | 0 |
_aNUST _96342 |
|
| 942 |
_2ddc _cBK |
||
| 999 |
_c542010 _d542010 |
||